[Event "CZE-chT2A 2223"]
[Site "Czech Republic"]
[Date "2022.12.18"]
[Round "5.8"]
[White "Matejovsky, Ondrej"]
[Black "Mindl, Josef"]
[Result "0-1"]
[WhiteElo "1926"]
[BlackElo "1905"]
[PlyCount "70"]
[EventDate "2022.10.16"]
[EventType "team-tourn"]
[EventRounds "11"]
[EventCountry "CZE"]
[SourceTitle "EXT 2024"]
[Source "ChessBase"]
[SourceDate "2023.10.10"]
[SourceVersion "1"]
[SourceVersionDate "2023.10.10"]
[SourceQuality "1"]
[WhiteTeam "Vlasim"]
[BlackTeam "Tabor"]
[WhiteTeamCountry "CZE"]
[BlackTeamCountry "CZE"]

1. e4 e6 2. d4 d5 3. exd5 exd5 4. Bd3 c5 5. c3 Nc6 6. Qe2+ Be6 7. Nf3 cxd4 8. Nxd4 Nxd4 9. cxd4 Bb4+ 10. Bd2 Bxd2+ 11. Nxd2 Ne7 12. 0-0 0-0 13. Rac1 Nc6 14. Nb3 Qf6 15. Rfd1 Rfe8 16. Bb5 Rac8 17. Bxc6 Rxc6 18. Rxc6 bxc6 19. Nc5 Qd8 20. Rd3 Bg4 21. Qd2 Re2 22. Qc3 Qf6 23. Rf3 Bxf3 24. gxf3 Qg6+ 25. Kf1 Qc2 26. Qxc2 Rxc2 27. Nd3 Rd2 28. Nb4 Rxb2 29. a3 Rb3 30. Nxc6 Rxa3 31. Ke2 Kf8 32. Nb4 Ra4 33. Nxd5 Rxd4 34. Nc3 Rh4 35. Nb5 a5 0-1

[Event "CZE-chT2A 1920"]
[Site "Czech Republic"]
[Date "2019.11.03"]
[Round "2.8"]
[White "Rondos, Jakub"]
[Black "Mindl, Josef"]
[Result "1/2-1/2"]
[WhiteElo "2080"]
[BlackElo "1953"]
[PlyCount "36"]
[EventDate "2019.10.13"]
[EventType "team-tourn"]
[EventRounds "11"]
[EventCountry "CZE"]
[SourceTitle "EXT 2024"]
[Source "ChessBase"]
[SourceDate "2023.10.10"]
[SourceVersion "1"]
[SourceVersionDate "2023.10.10"]
[SourceQuality "1"]
[WhiteTeam "Pankrac II"]
[BlackTeam "Tabor"]
[WhiteTeamCountry "CZE"]
[BlackTeamCountry "CZE"]

1. d4 f5 2. Bg5 h6 3. Bh4 g5 4. e3 Nf6 5. Bg3 d6 6. h4 Rg8 7. hxg5 hxg5 8. Bc4 e6 9. Nc3 Qe7 10. Nf3 Nc6 11. d5 exd5 12. Nxd5 Nxd5 13. Bxd5 Be6 14. Rh5 f4 15. Bxe6 Qxe6 16. Nxg5 Rxg5 17. Rxg5 fxg3 18. Rxg3 0-0-0 1/2-1/2

[Event "Pardubice op rapid 30th"]
[Site "Pardubice"]
[Date "2019.07.18"]
[Round "5"]
[White "Mindl, Josef"]
[Black "Rosko, Lubos"]
[Result "0-1"]
[WhiteElo "1979"]
[BlackElo "2309"]
[PlyCount "110"]
[EventDate "2019.07.17"]
[EventType "swiss (rapid)"]
[EventRounds "9"]
[EventCountry "CZE"]
[SourceTitle "CBM 191 Extra"]
[Source "ChessBase"]
[SourceDate "2019.09.30"]
[SourceVersion "1"]
[SourceVersionDate "2019.09.30"]
[SourceQuality "1"]

1. e4 c5 2. Nf3 d6 3. d4 cxd4 4. Qxd4 a6 5. c4 Nc6 6. Qd1 Bg4 7. Be2 g6 8. Nc3 Bg7 9. 0-0 Bxc3 10. bxc3 Nf6 11. h3 Bxf3 12. Bxf3 0-0 13. Rb1 Qc7 14. Bg5 Nd7 15. Be2 Rfe8 16. Qd2 Na5 17. Qd4 Ne5 18. f4 Nexc4 19. f5 b5 20. fxg6 hxg6 21. Rf2 Qc5 22. Bh6 Qxd4 23. cxd4 f6 24. Bg4 Kh7 25. Bf4 e5 26. dxe5 dxe5 27. Bg3 Kg7 28. Rbf1 Rf8 29. Re2 Rae8 30. Be1 Nc6 31. Bc3 Rd8 32. Ree1 Nd4 33. Bb4 Rfe8 34. Bc5 Ne6 35. Bxe6 Rxe6 36. Rd1 Nd6 37. Rfe1 Kf7 38. Rd5 Nb7 39. Rxd8 Nxd8 40. Rd1 Ke8 41. Rd5 Nc6 42. Kf2 Ne7 43. Rd1 Rc6 44. Bxe7 Rc2+ 45. Kf3 Kxe7 46. Ra1 b4 47. g4 g5 48. a3 Rc3+ 49. Kg2 Rxa3 50. Rc1 Kd6 51. Rc8 a5 52. Rf8 Ke7 53. Rb8 b3 54. Rb7+ Kd6 55. Rb6+ Kc5 0-1

[Event "CZE-chT2C 1617"]
[Site "Czech Republic"]
[Date "2016.11.27"]
[Round "4.8"]
[White "Mindl, Josef"]
[Black "Kozeny, Pavel"]
[Result "1/2-1/2"]
[WhiteElo "2012"]
[BlackElo "2063"]
[PlyCount "73"]
[EventDate "2016.10.09"]
[EventType "team-tourn"]
[EventRounds "11"]
[EventCountry "CZE"]
[SourceTitle "EXT 2022"]
[Source "ChessBase"]
[SourceDate "2021.10.06"]
[SourceVersion "1"]
[SourceVersionDate "2021.10.06"]
[SourceQuality "1"]
[WhiteTeam "Tabor"]
[BlackTeam "Lysa nad Labem III"]
[WhiteTeamCountry "CZE"]
[BlackTeamCountry "CZE"]

1. e4 c5 2. Nf3 e6 3. d4 cxd4 4. Nxd4 Nf6 5. Nc3 Nc6 6. Nxc6 bxc6 7. e5 Nd5 8. Ne4 Qc7 9. f4 Qb6 10. Bd3 Ba6 11. Qe2 Bxd3 12. Qxd3 f5 13. exf6 gxf6 14. Bd2 f5 15. Ng5 Bg7 16. c3 Qxb2 17. Rb1 Qa3 18. 0-0 Bxc3 19. Rb7 Qc5+ 20. Kh1 Qd4 21. Qh3 h5 22. Bxc3 Nxc3 23. Qh4 Qf6 24. Qf2 Nd5 25. Rfb1 Rd8 26. Rxa7 e5 27. Re1 e4 28. g3 Qc3 29. Qe2 Nf6 30. Rd1 Qc5 31. Rb7 h4 32. g4 0-0 33. gxf5 Qxf5 34. Rg1 Kh8 35. Qf2 Nh7 36. Qxh4 e3 37. Re1 1/2-1/2

[Event "Prague op-A 15th"]
[Site "Prague"]
[Date "2016.01.08"]
[Round "1"]
[White "Mindl, Josef"]
[Black "Rzayev, Bahruz Iqbal Oglu"]
[Result "0-1"]
[WhiteElo "2016"]
[BlackElo "2400"]
[PlyCount "38"]
[EventDate "2016.01.08"]
[EventType "swiss"]
[EventRounds "9"]
[EventCountry "CZE"]
[SourceTitle "CBM 170 Extra"]
[Source "ChessBase"]
[SourceDate "2016.02.25"]
[SourceVersion "1"]
[SourceVersionDate "2016.02.25"]
[SourceQuality "1"]

1. e4 e5 2. Nf3 Nc6 3. Bb5 Nge7 4. 0-0 a6 5. Ba4 g6 6. d4 exd4 7. Nxd4 Bg7 8. Be3 0-0 9. Nc3 b5 10. Bb3 Na5 11. Nf3 d6 12. Qc1 c5 13. Bd5 Nxd5 14. Nxd5 Re8 15. Nd2 Bb7 16. Re1 f5 17. f3 Bxd5 18. exd5 Rxe3 19. Rxe3 Bd4 0-1

[Event "Pardubice op rap 26th"]
[Site "Pardubice"]
[Date "2015.07.23"]
[Round "4"]
[White "Heredia Serrano, Carla Sofia"]
[Black "Mindl, Josef"]
[Result "1/2-1/2"]
[WhiteElo "2168"]
[BlackElo "2011"]
[PlyCount "125"]
[EventDate "2015.07.22"]
[EventType "swiss (rapid)"]
[EventRounds "9"]
[EventCountry "CZE"]
[SourceTitle "CBM 167 Extra"]
[Source "ChessBase"]
[SourceDate "2015.09.14"]
[SourceVersion "1"]
[SourceVersionDate "2015.09.14"]
[SourceQuality "1"]

1. e4 e6 2. d4 d5 3. Nc3 Bb4 4. Bd3 dxe4 5. Bxe4 Nf6 6. Bf3 0-0 7. Nge2 c5 8. a3 cxd4 9. axb4 dxc3 10. Qxd8 Rxd8 11. bxc3 Nbd7 12. Be3 a6 13. 0-0-0 Re8 14. Nd4 Ne5 15. Rhe1 Nxf3 16. Nxf3 Bd7 17. Ne5 Ba4 18. c4 Rac8 19. Kb2 Red8 20. Bb6 Rxd1 21. Rxd1 h6 22. f3 Kf8 23. Rd4 Ke8 24. f4 Nd7 25. Nxd7 Bxd7 26. g4 Bc6 27. Kb3 Bf3 28. h3 Bg2 29. Rd3 Be4 30. Rd4 Bg2 31. Rd3 Be4 32. Re3 Bg2 33. f5 Kd7 34. fxe6+ fxe6 35. Rd3+ Ke7 36. Bc5+ Kf7 37. h4 Bc6 38. Rd2 e5 39. Bd6 e4 40. Bf4 Re8 41. Rf2 Kg6 42. Be3 Re7 43. Kc3 Rd7 44. Rf4 Kh7 45. Rf2 Kg6 46. Rf4 Kh7 47. Bd4 Kg6 48. Be3 Kh7 49. Rf8 Kg6 50. Bd4 Kh7 51. Rf1 Kg6 52. Be5 Kh7 53. c5 Kg6 54. Bd6 h5 55. gxh5+ Kxh5 56. Rf4 g5 57. hxg5 Kxg5 58. Rf1 Kg6 59. Kd4 Rf7 60. Rg1+ Kf5 61. c4 Rh7 62. Rf1+ Ke6 63. Rf8 1/2-1/2

[Event "Pardubice op rap 26th"]
[Site "Pardubice"]
[Date "2015.07.23"]
[Round "6"]
[White "Mindl, Josef"]
[Black "Krouzel, Jaroslav"]
[Result "1/2-1/2"]
[WhiteElo "2011"]
[BlackElo "2169"]
[PlyCount "23"]
[EventDate "2015.07.22"]
[EventType "swiss (rapid)"]
[EventRounds "9"]
[EventCountry "CZE"]
[SourceTitle "CBM 167 Extra"]
[Source "ChessBase"]
[SourceDate "2015.09.14"]
[SourceVersion "1"]
[SourceVersionDate "2015.09.14"]
[SourceQuality "1"]

1. e4 e6 2. e5 d5 3. exd6 cxd6 4. d4 d5 5. Nf3 Nf6 6. c4 Be7 7. Nc3 0-0 8. Bg5 Nbd7 9. Bd3 dxc4 10. Bxc4 Nd5 11. Bxe7 Qxe7 12. 0-0 1/2-1/2

[Event "Pardubice op rap 26th"]
[Site "Pardubice"]
[Date "2015.07.22"]
[Round "2"]
[White "Rydl, Jiri"]
[Black "Mindl, Josef"]
[Result "1-0"]
[WhiteElo "2427"]
[BlackElo "2011"]
[PlyCount "125"]
[EventDate "2015.07.22"]
[EventType "swiss (rapid)"]
[EventRounds "9"]
[EventCountry "CZE"]
[SourceTitle "CBM 167 Extra"]
[Source "ChessBase"]
[SourceDate "2015.09.14"]
[SourceVersion "1"]
[SourceVersionDate "2015.09.14"]
[SourceQuality "1"]

1. c4 f5 2. g3 Nf6 3. Bg2 g6 4. Nf3 Bg7 5. 0-0 0-0 6. Nc3 d6 7. d4 Qe8 8. d5 Na6 9. Nd4 Bd7 10. Rb1 c5 11. Nc2 Rb8 12. Bd2 h6 13. a3 g5 14. f4 Qg6 15. e3 Nc7 16. b4 b6 17. Qe2 Ne4 18. Nxe4 fxe4 19. Qe1 Ne8 20. Bc3 Nf6 21. Qd2 Bf5 22. a4 h5 23. fxg5 Qxg5 24. Rf4 Nd7 25. Bxg7 Qxg7 26. Rbf1 Bg6 27. Qe2 Nf6 28. Bh3 a5 29. b5 Kh8 30. Ne1 Nh7 31. Bf5 Nf6 32. Be6 Nh7 33. Bf5 Nf6 34. Ng2 Bxf5 35. Rxf5 Qg4 36. Qb2 Kh7 37. Qf2 Kg7 38. Nf4 Kh7 39. Ne6 Rg8 40. Rf4 Qg6 41. Rh4 Kh8 42. Qf4 Kh7 43. Rf2 Kh8 44. Kf1 Kh7 45. Rg2 Qh6 46. h3 Qxf4+ 47. Nxf4 Rbf8 48. g4 Kh6 49. gxh5 Rxg2 50. Kxg2 Rg8+ 51. Kh2 Nd7 52. Rg4 Rxg4 53. hxg4 Ne5 54. Kg3 Nxc4 55. Kh4 Nxe3 56. g5+ Kh7 57. h6 c4 58. Kh5 c3 59. g6+ Kg8 60. g7 Nf5 61. Kg5 c2 62. Ne2 Nd4 63. Kg6 1-0

[Event "Teplice op 10th"]
[Site "Teplice"]
[Date "2015.06.16"]
[Round "4"]
[White "Hnydiuk, Aleksander"]
[Black "Mindl, Josef"]
[Result "1-0"]
[WhiteElo "2375"]
[BlackElo "2050"]
[PlyCount "81"]
[EventDate "2015.06.13"]
[EventType "swiss"]
[EventRounds "9"]
[EventCountry "CZE"]
[SourceTitle "EXT 2017"]
[Source "ChessBase"]
[SourceDate "2016.10.25"]
[SourceVersion "1"]
[SourceVersionDate "2016.10.25"]
[SourceQuality "1"]

1. Nf3 Nf6 2. c4 g6 3. g3 Bg7 4. Bg2 0-0 5. d4 d6 6. Nc3 Nc6 7. 0-0 a6 8. Qd3 Nd7 9. Be3 e5 10. Qd2 Re8 11. dxe5 Ndxe5 12. Nxe5 Nxe5 13. Bg5 f6 14. Bf4 Rb8 15. Rfd1 Be6 16. b3 Qe7 17. Rac1 b6 18. Nd5 Qf7 19. Be3 Kh8 20. Bh6 Bxh6 21. Qxh6 Bxd5 22. cxd5 Re7 23. Qf4 g5 24. Qd4 Rbe8 25. Rc3 Qg7 26. Rdc1 f5 27. Qa4 Ra8 28. R1c2 Kg8 29. Qa3 h6 30. Qc1 Rc8 31. Re3 Kh8 32. Bh3 g4 33. Bg2 Qg5 34. f4 gxf3 35. exf3 f4 36. Rec3 fxg3 37. f4 Qh5 38. Rxg3 Ng4 39. Bf3 Rg7 40. Rcg2 Rcg8 41. Qc3 1-0

[Event "Teplice op 10th"]
[Site "Teplice"]
[Date "2015.06.13"]
[Round "1"]
[White "Mindl, Josef"]
[Black "Sadzikowski, Daniel"]
[Result "0-1"]
[WhiteElo "2050"]
[BlackElo "2498"]
[PlyCount "84"]
[EventDate "2015.06.13"]
[EventType "swiss"]
[EventRounds "9"]
[EventCountry "CZE"]
[SourceTitle "EXT 2017"]
[Source "ChessBase"]
[SourceDate "2016.10.25"]
[SourceVersion "1"]
[SourceVersionDate "2016.10.25"]
[SourceQuality "1"]

1. e4 c5 2. Nf3 d6 3. d4 cxd4 4. Nxd4 Nf6 5. Nc3 a6 6. Bg5 e6 7. f4 h6 8. Bh4 Qb6 9. Qd2 Qxb2 10. Rb1 Qa3 11. Bxf6 gxf6 12. Be2 h5 13. 0-0 Nd7 14. Kh1 Qc5 15. Bf3 Bh6 16. Nb3 Bxf4 17. Qxf4 Qxc3 18. Qxd6 h4 19. Rbd1 Qe5 20. Qa3 h3 21. g3 Qc7 22. Nd4 Qc5 23. Qb2 Ne5 24. Nb3 Qc4 25. Nd2 Qc7 26. Be2 Rh6 27. Qd4 b6 28. Qe3 Rg6 29. Bh5 Rg5 30. Be2 Qc5 31. Qf4 Qe7 32. Qxf6 Qxf6 33. Rxf6 Bb7 34. Rh6 0-0-0 35. Rxh3 Ng4 36. Bxg4 Rxg4 37. Kg2 Bxe4+ 38. Nxe4 Rxd1 39. Nf2 Rd2 40. Kf3 Ra4 41. Rh8+ Kd7 42. h4 Ra3+ 0-1

[Event "Prague op-A 14th"]
[Site "Prague"]
[Date "2015.01.14"]
[Round "7"]
[White "Matras, Ondrej"]
[Black "Mindl, Josef"]
[Result "1-0"]
[WhiteElo "2210"]
[BlackElo "2049"]
[PlyCount "75"]
[EventDate "2015.01.09"]
[EventType "swiss"]
[EventRounds "9"]
[EventCountry "CZE"]
[SourceTitle "CBM 164 Extra"]
[Source "ChessBase"]
[SourceDate "2015.03.02"]
[SourceVersion "1"]
[SourceVersionDate "2015.03.02"]
[SourceQuality "1"]

1. d4 Nf6 2. c4 g6 3. Nc3 Bg7 4. e4 d6 5. f3 0-0 6. Be3 e5 7. d5 c6 8. Qd2 cxd5 9. cxd5 a6 10. a4 Nbd7 11. Bd3 Nh5 12. Nge2 f5 13. a5 b5 14. axb6 Nxb6 15. 0-0 Bb7 16. Rfc1 Rc8 17. b3 Ra8 18. Ra2 fxe4 19. fxe4 Nd7 20. Na4 Rc8 21. Qb4 Rxc1+ 22. Nxc1 Qc7 23. Rc2 Qb8 24. Nb6 Nxb6 25. Qxb6 Rc8 26. Rxc8+ Qxc8 27. Qxd6 Nf4 28. Bc4 Qg4 29. Qb8+ Qc8 30. Qxc8+ Bxc8 31. g3 Nh5 32. Nd3 Kf8 33. Bc5+ Ke8 34. Bd6 Kd7 35. Bb8 Ke7 36. Nxe5 Bxe5 37. Bxe5 Nf6 38. d6+ 1-0

[Event "Prague op-A 14th"]
[Site "Prague"]
[Date "2015.01.10"]
[Round "2"]
[White "Mindl, Josef"]
[Black "Chudinovskih, Alexander N"]
[Result "0-1"]
[WhiteElo "2049"]
[BlackElo "2258"]
[PlyCount "112"]
[EventDate "2015.01.09"]
[EventType "swiss"]
[EventRounds "9"]
[EventCountry "CZE"]
[SourceTitle "CBM 164 Extra"]
[Source "ChessBase"]
[SourceDate "2015.03.02"]
[SourceVersion "1"]
[SourceVersionDate "2015.03.02"]
[SourceQuality "1"]

1. e4 c5 2. Nf3 Nc6 3. d4 cxd4 4. Nxd4 e5 5. Nb5 d6 6. c4 Be7 7. N1c3 a6 8. Na3 Be6 9. Be2 Bg5 10. 0-0 Bxc1 11. Rxc1 Nf6 12. Nc2 0-0 13. Ne3 Rc8 14. Qd2 Nd4 15. Rfd1 Qa5 16. b3 Rfd8 17. Ncd5 Qxd2 18. Nxf6+ gxf6 19. Rxd2 b5 20. Nd5 Bxd5 21. exd5 f5 22. Bd3 Kg7 23. f3 Kf6 24. Kf2 a5 25. g4 f4 26. h4 h6 27. Rg1 bxc4 28. Bxc4 a4 29. Rgd1 axb3 30. axb3 Ra8 31. b4 Ra4 32. Rxd4 exd4 33. Rxd4 Rxb4 34. Rxf4+ Kg7 35. Kg3 Rdb8 36. Bd3 Rxf4 37. Kxf4 Re8 38. Be4 Re5 39. g5 h5 40. Ke3 f5 41. gxf6+ Kxf6 42. Kf4 Re8 43. Bd3 Re1 44. Be4 Rg1 45. Bc2 Rh1 46. Kg3 Ke5 47. Bb3 Rg1+ 48. Kf2 Rb1 49. Ba4 Rb8 50. Ke3 Rb4 51. Bd1 Rxh4 52. f4+ Rxf4 53. Bxh5 Re4+ 54. Kd3 Rd4+ 55. Ke3 Rxd5 56. Bf7 Ra5 0-1

[Event "Pardubice op rap 25th"]
[Site "Pardubice"]
[Date "2014.07.17"]
[Round "8"]
[White "Mindl, Josef"]
[Black "Kopriva, Martin"]
[Result "0-1"]
[WhiteElo "2029"]
[BlackElo "1871"]
[PlyCount "74"]
[EventDate "2014.07.16"]
[EventType "swiss (rapid)"]
[EventRounds "9"]
[EventCountry "CZE"]
[SourceTitle "EXT 2015"]
[Source "ChessBase"]
[SourceDate "2014.11.20"]
[SourceVersion "1"]
[SourceVersionDate "2014.11.20"]
[SourceQuality "1"]

1. e4 c5 2. Nf3 d6 3. d4 cxd4 4. Qxd4 Nc6 5. Bb5 Bd7 6. Bxc6 Bxc6 7. Nc3 Nf6 8. Bg5 Qa5 9. 0-0-0 h6 10. Bh4 g5 11. Bg3 Bg7 12. Qd3 a6 13. Nd4 Bd7 14. Kb1 b5 15. Nf5 Bxf5 16. exf5 0-0 17. h4 g4 18. Rhe1 Ra7 19. f3 Qb4 20. a3 Qa5 21. fxg4 b4 22. axb4 Qxb4 23. Qd4 Qb8 24. Qd3 Nd5 25. Qxd5 Bxc3 26. Qb3 Qxb3 27. cxb3 Bxe1 28. Rxe1 Rb7 29. Ka2 Ra8 30. g5 hxg5 31. hxg5 a5 32. Re4 Rc8 33. f6 exf6 34. gxf6 d5 35. Rg4+ Kh7 36. Be1 Rc6 37. Bc3 Rd7 0-1

[Event "Pardubice op rap 25th"]
[Site "Pardubice"]
[Date "2014.07.16"]
[Round "1"]
[White "Sergeyev, Alexander"]
[Black "Mindl, Josef"]
[Result "1-0"]
[WhiteElo "2389"]
[BlackElo "2029"]
[PlyCount "35"]
[EventDate "2014.07.16"]
[EventType "swiss (rapid)"]
[EventRounds "9"]
[EventCountry "CZE"]
[SourceTitle "EXT 2015"]
[Source "ChessBase"]
[SourceDate "2014.11.20"]
[SourceVersion "1"]
[SourceVersionDate "2014.11.20"]
[SourceQuality "1"]

1. d4 Nf6 2. Nf3 g6 3. c4 Bg7 4. Nc3 0-0 5. g3 d6 6. Bg2 Nc6 7. 0-0 a6 8. Bd2 Rb8 9. Rc1 Bd7 10. b3 e5 11. dxe5 dxe5 12. Nd5 Re8 13. Bg5 Bg4 14. Qd2 Bxf3 15. exf3 Nd4 16. f4 c6 17. fxe5 cxd5 18. Qxd4 1-0

[Event "Pardubice op rap 24th"]
[Site "Pardubice"]
[Date "2013.07.18"]
[Round "5"]
[White "Jares, Jiri"]
[Black "Mindl, Josef"]
[Result "0-1"]
[WhiteElo "1983"]
[BlackElo "2069"]
[PlyCount "82"]
[EventDate "2013.07.17"]
[EventType "swiss (rapid)"]
[EventRounds "9"]
[EventCountry "CZE"]
[SourceTitle "CBM 155 Extra"]
[Source "ChessBase"]
[SourceDate "2013.08.26"]
[SourceVersion "1"]
[SourceVersionDate "2013.08.26"]
[SourceQuality "1"]

1. d4 Nf6 2. g3 g6 3. Bg2 Bg7 4. Nf3 0-0 5. 0-0 d6 6. c4 Nc6 7. Nc3 a6 8. d5 Na5 9. Nd2 c5 10. h3 Rb8 11. a4 e5 12. Qc2 Ne8 13. Nde4 Nxc4 14. Bg5 f6 15. Bc1 h6 16. Nxc5 dxc5 17. Qxg6 f5 18. e4 Qf6 19. Qh5 Ned6 20. f4 Qf7 21. Qe2 Qg6 22. Kh2 Kh8 23. exf5 Bxf5 24. Rd1 Rbe8 25. g4 Bc2 26. f5 Bxd1 27. Qxd1 Qf6 28. Ne4 Nxe4 29. Bxe4 Nd6 30. Qf3 Qh4 31. Be3 b6 32. a5 Rb8 33. Rb1 Rfc8 34. Bf2 Qf6 35. h4 bxa5 36. Kg2 Rb4 37. Bc2 e4 38. Qg3 Qe5 39. Qh3 e3 40. Bg3 Qxd5+ 41. Kh2 Qd2+ 0-1

[Event "Pardubice op rap 24th"]
[Site "Pardubice"]
[Date "2013.07.18"]
[Round "7"]
[White "Kolesar, Milan"]
[Black "Mindl, Josef"]
[Result "1-0"]
[WhiteElo "2141"]
[BlackElo "2069"]
[PlyCount "75"]
[EventDate "2013.07.17"]
[EventType "swiss (rapid)"]
[EventRounds "9"]
[EventCountry "CZE"]
[SourceTitle "CBM 155 Extra"]
[Source "ChessBase"]
[SourceDate "2013.08.26"]
[SourceVersion "1"]
[SourceVersionDate "2013.08.26"]
[SourceQuality "1"]

1. Nf3 Nf6 2. c4 g6 3. g3 Bg7 4. Bg2 0-0 5. d4 d6 6. 0-0 Nc6 7. Nc3 a6 8. d5 Na5 9. Nd2 c5 10. Rb1 Rb8 11. b3 b5 12. Bb2 e5 13. dxe6 Bxe6 14. cxb5 axb5 15. Nde4 Nxe4 16. Nxe4 Bxb2 17. Rxb2 Nb7 18. Rd2 d5 19. Nc3 d4 20. Nxb5 Qa5 21. Bxb7 Rxb7 22. Nd6 Rb6 23. Ne4 Qa8 24. f3 Rc8 25. Qa1 Bd5 26. Nf2 h5 27. Rc1 Qa5 28. Rxd4 Ba8 29. Rdc4 Re6 30. Qb2 Bd5 31. b4 Qa6 32. Rxc5 Rxc5 33. Rxc5 Rxe2 34. Rc8+ Qxc8 35. Qxe2 Qc1+ 36. Kg2 Qc3 37. Ne4 Kg7 38. Nxc3 1-0

[Event "Pardubice op rap 24th"]
[Site "Pardubice"]
[Date "2013.07.18"]
[Round "8"]
[White "Mindl, Josef"]
[Black "Vachtfeidl, Petr"]
[Result "1/2-1/2"]
[WhiteElo "2069"]
[BlackElo "1950"]
[PlyCount "48"]
[EventDate "2013.07.17"]
[EventType "swiss (rapid)"]
[EventRounds "9"]
[EventCountry "CZE"]
[SourceTitle "CBM 155 Extra"]
[Source "ChessBase"]
[SourceDate "2013.08.26"]
[SourceVersion "1"]
[SourceVersionDate "2013.08.26"]
[SourceQuality "1"]

1. e4 c5 2. Nf3 d6 3. d4 cxd4 4. Qxd4 a6 5. c4 Nc6 6. Qd1 g6 7. Nc3 Bg7 8. Be2 Nf6 9. 0-0 0-0 10. h3 Nd7 11. Be3 Nc5 12. Nd4 Nxd4 13. Bxd4 Be6 14. Bxg7 Kxg7 15. Qd4+ f6 16. b4 Nd7 17. Nd5 Rc8 18. Rac1 Ne5 19. Kh1 Nc6 20. Qb2 Bxd5 21. exd5 Ne5 22. f4 Nd7 23. Qd4 Qb6 24. Qxb6 Nxb6 1/2-1/2

[Event "Pardubice op rap 24th"]
[Site "Pardubice"]
[Date "2013.07.17"]
[Round "3"]
[White "Wagener, Claude"]
[Black "Mindl, Josef"]
[Result "1-0"]
[WhiteElo "2240"]
[BlackElo "2069"]
[PlyCount "83"]
[EventDate "2013.07.17"]
[EventType "swiss (rapid)"]
[EventRounds "9"]
[EventCountry "CZE"]
[SourceTitle "CBM 155 Extra"]
[Source "ChessBase"]
[SourceDate "2013.08.26"]
[SourceVersion "1"]
[SourceVersionDate "2013.08.26"]
[SourceQuality "1"]

1. e4 c5 2. Nf3 Nc6 3. d4 cxd4 4. Nxd4 Nf6 5. Nc3 e5 6. Ndb5 d6 7. Bg5 a6 8. Na3 b5 9. Bxf6 gxf6 10. Nd5 Bg7 11. c3 0-0 12. Nc2 f5 13. exf5 Bxf5 14. Nce3 Be6 15. Bd3 f5 16. 0-0 e4 17. Nf4 Bf7 18. Bc2 Be5 19. g3 Qg5 20. Neg2 Ne7 21. Bb3 Rad8 22. Ne6 Bxe6 23. Bxe6+ Kh8 24. Bd5 Nxd5 25. Qxd5 Qg8 26. Rad1 Qxd5 27. Rxd5 f4 28. gxf4 Bxf4 29. Re1 e3 30. Nxe3 Rg8+ 31. Kh1 Rde8 32. Ng2 Rxe1+ 33. Nxe1 Bc1 34. Nd3 Bd2 35. Rxd6 a5 36. a3 Rf8 37. Kg2 Rf5 38. Rd7 Bg5 39. Kf1 Rf3 40. Ke2 Rh3 41. Rd5 Bf6 42. Rxb5 1-0

[Event "CZE-chT2C 1213"]
[Site "Czech Republic"]
[Date "2013.03.03"]
[Round "10.5"]
[White "Ptak, Pavel"]
[Black "Mindl, Josef"]
[Result "1-0"]
[WhiteElo "2165"]
[BlackElo "2087"]
[PlyCount "51"]
[EventDate "2012.10.14"]
[EventType "team-tourn"]
[EventRounds "11"]
[EventCountry "CZE"]
[SourceTitle "EXT 2015"]
[Source "ChessBase"]
[SourceDate "2014.11.20"]
[SourceVersion "1"]
[SourceVersionDate "2014.11.20"]
[SourceQuality "1"]
[WhiteTeam "Pisek"]
[BlackTeam "Tabor"]
[WhiteTeamCountry "CZE"]
[BlackTeamCountry "CZE"]

1. d4 Nf6 2. g3 g6 3. Bg2 Bg7 4. e4 d6 5. Ne2 0-0 6. Nbc3 e5 7. h3 Nc6 8. Be3 exd4 9. Nxd4 Nxd4 10. Bxd4 Be6 11. 0-0 c6 12. Re1 Qa5 13. Qf3 Nd7 14. Bxg7 Kxg7 15. Qe3 Rad8 16. Rad1 Qc5 17. Qd4+ Qxd4 18. Rxd4 Nb6 19. Red1 Nc4 20. b3 Na3 21. R1d2 b5 22. Rxd6 Rxd6 23. Rxd6 Nxc2 24. Rxc6 b4 25. Nd5 Rc8 26. Nc7 1-0

[Event "CZE-chT2C 1213"]
[Site "Czech Republic"]
[Date "2013.01.20"]
[Round "7.7"]
[White "Stolba, Milos"]
[Black "Mindl, Josef"]
[Result "1/2-1/2"]
[WhiteElo "2149"]
[BlackElo "2087"]
[PlyCount "48"]
[EventDate "2012.10.14"]
[EventType "team-tourn"]
[EventRounds "11"]
[EventCountry "CZE"]
[SourceTitle "EXT 2015"]
[Source "ChessBase"]
[SourceDate "2014.11.20"]
[SourceVersion "1"]
[SourceVersionDate "2014.11.20"]
[SourceQuality "1"]
[WhiteTeam "Kutna Hora"]
[BlackTeam "Tabor"]
[WhiteTeamCountry "CZE"]
[BlackTeamCountry "CZE"]

1. d4 f5 2. e4 fxe4 3. Nc3 Nf6 4. Bg5 Nc6 5. d5 Ne5 6. Qd4 Nf7 7. Bxf6 exf6 8. Nxe4 Be7 9. f4 f5 10. Ng3 g6 11. Nf3 0-0 12. 0-0-0 Bf6 13. Qd2 d6 14. h4 h5 15. Be2 Nh6 16. Ng5 Bd7 17. Rde1 Re8 18. Bf3 Rxe1+ 19. Rxe1 Qf8 20. c3 Re8 21. Rxe8 Qxe8 22. Qe2 Qxe2 23. Nxe2 Ng4 24. Kd2 Nh2 1/2-1/2

[Event "CZE-chT2C 1213"]
[Site "Czech Republic"]
[Date "2013.01.06"]
[Round "6.5"]
[White "Mindl, Josef"]
[Black "Vevera, Radek"]
[Result "0-1"]
[WhiteElo "2087"]
[BlackElo "2109"]
[PlyCount "86"]
[EventDate "2012.10.14"]
[EventType "team-tourn"]
[EventRounds "11"]
[EventCountry "CZE"]
[SourceTitle "EXT 2015"]
[Source "ChessBase"]
[SourceDate "2014.11.20"]
[SourceVersion "1"]
[SourceVersionDate "2014.11.20"]
[SourceQuality "1"]
[WhiteTeam "Tabor"]
[BlackTeam "Praha Bohemians II"]
[WhiteTeamCountry "CZE"]
[BlackTeamCountry "CZE"]

1. e4 c6 2. d4 d5 3. exd5 cxd5 4. c4 Nf6 5. Nc3 g6 6. Qb3 Bg7 7. cxd5 0-0 8. Be2 Nbd7 9. Bf3 Nb6 10. Nge2 Bf5 11. 0-0 Qd7 12. Bf4 Bd3 13. d6 exd6 14. Rfd1 Bc4 15. Qb4 Rfd8 16. d5 Rac8 17. Rac1 Ba6 18. b3 Qf5 19. Bxd6 Bxe2 20. Bxe2 Rxc3 21. Qxc3 Rxd6 22. Qc7 Rd7 23. Qb8+ Bf8 24. d6 Kg7 25. Qxa7 Nbd5 26. Bf3 Bxd6 27. h3 Qf4 28. Bxd5 Qh2+ 29. Kf1 Nxd5 30. Rxd5 Qh1+ 31. Ke2 Qxc1 32. Qd4+ Kg8 33. Rxd6 Qc2+ 34. Qd2 Qe4+ 35. Kf1 Qb1+ 36. Ke2 Rxd6 37. Qxd6 Qxa2+ 38. Qd2 Qxb3 39. Qd8+ Kg7 40. Qd4+ f6 41. Qd7+ Qf7 42. Qb5 Qe6+ 43. Kf1 Qa6 0-1